[Event "22nd European Teams"]
[Site "Batumi GEO"]
[Date "2019.10.30"]
[Round "6.19"]
[Board "1"]
[White "Stefansson, Hannes"]
[Black "Tate, Alan"]
[Result "1/2-1/2"]
[WhiteTitle "GM"]
[BlackTitle "FM"]
[WhiteElo "2541"]
[BlackElo "2352"]
[WhiteTeam "Iceland"]
[BlackTeam "Scotland"]
[WhiteFideId "2300087"]
[BlackFideId "2401878"]
[EventDate "2019.10.24"]

1. e4 e5 2. Nf3 Nc6 3. Bc4 Bc5 4. O-O Nf6 5. d3 d6 6. c3 a6 7. a4 Ba7 8. Bb3 h6
9. Re1 O-O 10. Nbd2 Ne7 11. Nf1 Ng6 12. Ng3 Re8 13. h3 Be6 14. d4 Bxb3 15. Qxb3
Qd7 16. Be3 exd4 17. cxd4 d5 18. Ne5 Nxe5 19. dxe5 Nxe4 20. Nxe4 Bxe3 21. Rxe3
dxe4 22. Rxe4 b5 23. Qc2 Rad8 24. axb5 axb5 25. Rc1 Qd5 26. Ree1 Rxe5 27. Red1
Qa8 28. Qxc7 Rxd1+ 29. Rxd1 Qe4 30. Qb8+ Kh7 31. Qa7 Rg5 32. g3 Rd5 33. Rxd5 1/2-1/2

[Event "22nd European Teams"]
[Site "Batumi GEO"]
[Date "2019.10.30"]
[Round "6.19"]
[Board "2"]
[White "Olson, Hamish"]
[Black "Thorfinnsson, Bragi"]
[Result "0-1"]
[WhiteTitle "FM"]
[BlackTitle "GM"]
[WhiteElo "2288"]
[BlackElo "2436"]
[WhiteTeam "Scotland"]
[BlackTeam "Iceland"]
[WhiteFideId "2404257"]
[BlackFideId "2300958"]
[EventDate "2019.10.24"]

1. d4 Nf6 2. Nf3 g6 3. Nbd2 d5 4. e3 Bg7 5. b4 O-O 6. Bb2 c6 7. c4 a5 8. b5 cxb5
9. cxb5 a4 10. Ba3 Bf5 11. Be2 Nbd7 12. O-O Re8 13. Rc1 h6 14. Nb1 Ne4 15. Nc3
Nxc3 16. Rxc3 e5 17. Bd6 e4 18. Nd2 h5 19. b6 Qxb6 20. Bc7 Qb4 21. Qa1 Rec8 22.
Rb1 Qe7 23. Rxb7 Nc5 24. Rxc5 Qxc5 25. dxc5 Bxa1 26. c6 Bc3 27. Nf1 Ba5 28. Bxa5
Rxa5 29. Bb5 a3 30. Nd2 Rxb5 31. Rxb5 Rxc6 32. Nb3 Rc2 33. h4 Rxa2 34. Ra5 Kg7
35. Nd4 Bg4 36. Nb5 Be2 37. Nxa3 Bd3 38. Ra7 Rb2 39. Ra5 Rb3 40. Kh2 Kf6 41. Kg3
Ke5 42. Ra7 f6 43. Ra5 g5 44. f3 Rb2 45. Rc5 Kd6 46. Rc3 Ra2 47. Kh3 Ke5 48. Kg3
Rd2 49. Rc8 Ra2 50. Ra8 Bf1 51. hxg5 Rxg2+ 52. Kh4 fxg5+ 53. Kxh5 exf3 54. Re8+
Kf6 55. Nb1 Bd3 0-1

[Event "22nd European Teams"]
[Site "Batumi GEO"]
[Date "2019.10.30"]
[Round "6.19"]
[Board "3"]
[White "Gretarsson, Helgi Ass"]
[Black "Morrison, Graham SCO"]
[Result "1-0"]
[WhiteTitle "GM"]
[BlackTitle "FM"]
[WhiteElo "2410"]
[BlackElo "2262"]
[WhiteTeam "Iceland"]
[BlackTeam "Scotland"]
[WhiteFideId "2300699"]
[BlackFideId "2400090"]
[EventDate "2019.10.24"]

1. d4 Nf6 2. c4 e6 3. Nc3 Bb4 4. Qc2 O-O 5. e4 d5 6. e5 Ne4 7. Bd3 c5 8. Nf3
cxd4 9. Nxd4 Nd7 10. Bf4 Ndc5 11. O-O Bxc3 12. bxc3 Nxd3 13. Qxd3 Bd7 14. cxd5
exd5 15. c4 Nc5 16. Qg3 dxc4 17. Bh6 g6 18. Bxf8 Qxf8 19. Rab1 Rb8 20. Rfc1 b5
21. e6 Nxe6 22. Rxc4 Rd8 23. Rcb4 Nxd4 24. Rxd4 Bf5 25. Rbd1 Rxd4 26. Rxd4 Qc5
27. Qf4 h5 28. Qd6 Qxd6 29. Rxd6 a5 30. Ra6 a4 31. a3 Kf8 32. f4 Ke8 33. Kf2 Kd8
34. Ke3 Kc7 35. Kd4 Kb7 36. Rf6 b4 37. axb4 Be6 38. Kc3 Kb6 39. Kb2 Kb5 40. Ka3
Bb3 41. g3 Bc4 42. Rd6 Bb3 43. Rd4 Be6 44. Re4 Bb3 45. Re5+ Kb6 46. Ra5 1-0

[Event "22nd European Teams"]
[Site "Batumi GEO"]
[Date "2019.10.30"]
[Round "6.19"]
[Board "4"]
[White "Muir, Andrew J"]
[Black "Ragnarsson, Dagur"]
[Result "1-0"]
[WhiteTitle "IM"]
[BlackTitle "FM"]
[WhiteElo "2271"]
[BlackElo "2388"]
[WhiteTeam "Scotland"]
[BlackTeam "Iceland"]
[WhiteFideId "2400138"]
[BlackFideId "2304058"]
[EventDate "2019.10.24"]

1. d4 e6 2. c4 f5 3. g3 Nf6 4. Nf3 d5 5. Bg2 Bd6 6. O-O O-O 7. b3 b6 8. Ne5 Qe7
9. cxd5 exd5 10. Nc4 Ba6 11. Nxd6 cxd6 12. Bg5 Qe6 13. Bxf6 Rxf6 14. Nc3 Bb7 15.
e3 g5 16. Rc1 Na6 17. Nb5 Raf8 18. Qd2 f4 19. exf4 gxf4 20. Rfe1 Qd7 21. a4 Qf7
22. Nxa7 Qh5 23. Re7 Ba8 24. Rc8 Qf5 25. Rxf8+ Rxf8 26. Qe1 Kh8 27. Re8 Nc7 28.
Re7 Rf7 29. Nb5 Nxb5 30. axb5 f3 31. Bf1 Bb7 32. Qe3 Bc8 33. Bd3 Qf6 34. Re8+
Rf8 35. h4 h6 36. Re7 Kg8 37. Rh7 Qe6 38. Qxh6 Qxh6 39. Rxh6 Bh3 40. Rxd6 Ra8
41. Kh2 Bg2 42. g4 Ra2 43. Kg3 Rd2 44. Bf5 Kf7 45. Rxd5 Bf1 46. Be4 Rb2 47. Rf5+
Ke6 48. Bd5+ Kd6 49. Bc4 Bg2 50. Rf6+ Ke7 51. Rxb6 Rb1 52. h5 Rg1 53. Kf4 Bh3
54. h6 Rxg4+ 55. Kxf3 Rxd4 56. Ke3 Rh4 57. f4 Bf5 58. Bd5 Bd7 59. Ke4 Rh1 60.
Kf3 Rh3+ 61. Kf2 Rh2+ 62. Bg2 Rh5 63. Bc6 Bf5 64. Bf3 Rh2+ 65. Ke3 Rh3 66. Ke2
Rh2+ 67. Ke1 Rh4 68. Kf2 Rh2+ 69. Ke1 Rh4 70. Bd5 Rxf4 71. Bc4 Rh4 72. Kf2 Rh3
73. Kg2 Bd7 74. Rg6 Rh5 75. Rg7+ Kd6 76. h7 Bf5 77. Bg8 Kc5 78. Kf2 Rh2+ 79. Kg3
Rh3+ 80. Kf4 Bb1 81. Rb7 Bd3 82. b6 Kc6 83. Bd5+ Kxd5 84. Rd7+ Kc6 85. b7 Kxd7
86. b8=Q Rxh7 87. Ke5 Rh5+ 88. Kd4 Bb5 89. Qg8 Rf5 90. Qg6 Rf1 91. Kc5 Be2 92.
Qd6+ Kc8 93. Qe6+ 1-0

[Event "22nd European Teams"]
[Site "Batumi GEO"]
[Date "2019.10.30"]
[Round "6.20"]
[Board "1"]
[White "Djukic, Nikola"]
[Black "Saraci, Nderim"]
[Result "0-1"]
[WhiteTitle "GM"]
[BlackTitle "IM"]
[WhiteElo "2517"]
[BlackElo "2396"]
[WhiteTeam "Montenegro"]
[BlackTeam "Kosovo"]
[WhiteFideId "922412"]
[BlackFideId "6351921"]
[EventDate "2019.10.24"]

1. e4 e5 2. Nf3 Nc6 3. Bb5 a6 4. Ba4 g6 5. c3 d6 6. d4 Bd7 7. O-O Bg7 8. Re1
Nge7 9. d5 Nb8 10. Bxd7+ Nxd7 11. Be3 O-O 12. c4 h6 13. Nfd2 f5 14. f3 f4 15.
Bf2 g5 16. b4 b6 17. a4 c5 18. dxc6 Nxc6 19. b5 Nd4 20. Nb3 axb5 21. cxb5 g4 22.
fxg4 f3 23. Nxd4 exd4 24. gxf3 Ne5 25. Nd2 Qg5 26. Ra3 Rac8 27. Bg3 Rc3 28. Rxc3
dxc3 29. Qb3+ Kh7 30. f4 cxd2 31. fxg5 Nf3+ 32. Kg2 dxe1=N+ 33. Kh3 Nxg5+ 34.
Kh4 Nef3+ 35. Kh5 Nxe4 36. Bh4 Nfg5 37. Bxg5 hxg5 38. h4 Rf2 39. Qb1 d5 40. a5
bxa5 41. b6 Rh2 0-1

[Event "22nd European Teams"]
[Site "Batumi GEO"]
[Date "2019.10.30"]
[Round "6.20"]
[Board "2"]
[White "Makolli, Perparim"]
[Black "Blagojevic, Dragisa"]
[Result "0-1"]
[WhiteTitle "FM"]
[BlackTitle "GM"]
[WhiteElo "2241"]
[BlackElo "2500"]
[WhiteTeam "Kosovo"]
[BlackTeam "Montenegro"]
[WhiteFideId "908630"]
[BlackFideId "900885"]
[EventDate "2019.10.24"]

1. e4 e5 2. Nf3 Nc6 3. Bc4 Nf6 4. d3 Be7 5. O-O O-O 6. Re1 d6 7. c3 Na5 8. Bb5
a6 9. Ba4 b5 10. Bc2 c5 11. Nbd2 Nd7 12. Nf1 Nb6 13. Ng3 Nc6 14. b3 b4 15. d4
bxc3 16. dxc5 dxc5 17. Ne2 Bg4 18. Nxc3 Nd4 19. Bd3 Bxf3 20. gxf3 Bg5 21. Be3
Qf6 22. Kg2 Rad8 23. Bxd4 exd4 24. Ne2 Nd7 25. f4 Bxf4 26. Nxf4 Qg5+ 27. Kh1
Qxf4 28. e5 Nxe5 29. Bxh7+ Kxh7 30. Qh5+ Kg8 31. Rxe5 Qxf2 32. Rg1 Rd6 33. Rf5
Qe3 34. Rxc5 Qe4+ 35. Rg2 Rg6 36. Rg5 Rc8 37. h4 Rc1+ 38. Kh2 Qf4+ 39. R5g3 Rh6 0-1

[Event "22nd European Teams"]
[Site "Batumi GEO"]
[Date "2019.10.30"]
[Round "6.20"]
[Board "3"]
[White "Kosic, Dragan"]
[Black "Uruci, Endrit"]
[Result "1-0"]
[WhiteTitle "GM"]
[WhiteElo "2478"]
[BlackElo "2237"]
[WhiteTeam "Montenegro"]
[BlackTeam "Kosovo"]
[WhiteFideId "900290"]
[BlackFideId "22100199"]
[EventDate "2019.10.24"]

1. d4 Nf6 2. Nf3 e6 3. c4 d5 4. Nc3 Be7 5. Bf4 O-O 6. e3 c6 7. Qc2 Nbd7 8. Bd3
h6 9. h3 dxc4 10. Bxc4 b5 11. Be2 Bb7 12. O-O Rc8 13. Rfd1 Nd5 14. Bg3 b4 15.
Nxd5 cxd5 16. Qa4 a6 17. Rac1 Nb6 18. Qb3 Qd7 19. Ne5 Qa4 20. Nd3 Bc6 21. Nc5
Qxb3 22. axb3 Bb5 23. Kf1 Bxe2+ 24. Kxe2 a5 25. Kd3 Rfe8 26. Na6 Kf8 27. Nc7
Red8 28. Rc6 Na8 29. Rdc1 Kg8 30. Nxd5 Bc5 31. Rxc8 Rxc8 32. Ne7+ 1-0

[Event "22nd European Teams"]
[Site "Batumi GEO"]
[Date "2019.10.30"]
[Round "6.20"]
[Board "4"]
[White "Idrizaj, Abedin"]
[Black "Kalezic, Blazo"]
[Result "1-0"]
[BlackTitle "IM"]
[WhiteElo "2231"]
[BlackElo "2455"]
[WhiteTeam "Kosovo"]
[BlackTeam "Montenegro"]
[WhiteFideId "4672046"]
[BlackFideId "921815"]
[EventDate "2019.10.24"]

1. e4 c6 2. d4 d5 3. Nd2 dxe4 4. Nxe4 Nf6 5. Qd3 Qd5 6. Nc3 Qa5 7. Bd2 Bf5 8.
Qg3 Na6 9. Bc4 e6 10. O-O-O Qd8 11. Nf3 Nb4 12. Bb3 Be7 13. a3 Na6 14. Ne5 O-O
15. Rhe1 Nc7 16. f3 Nb5 17. Nxb5 cxb5 18. Bg5 Rc8 19. Ng4 Nxg4 20. Bxe7 Qxe7 21.
fxg4 Qg5+ 22. Rd2 Qxg4 23. Qxg4 Bxg4 24. d5 Rfe8 25. h3 Bf5 26. g4 Bg6 27. dxe6
Kf8 28. Rd7 a5 29. Re2 a4 30. e7+ Rxe7 31. Rexe7 axb3 32. c3 Rc4 33. Rxb7 Rf4
34. Kd2 Be4 35. Ra7 g5 36. Ke3 Bg2 37. Re5 Bxh3 38. Rf5 Rxf5 39. gxf5 Bxf5 40.
Rb7 g4 41. Rxb5 Bd7 42. Rb6 Ke7 43. Rh6 Bf5 44. Kf4 Bg6 45. Kxg4 Kd6 46. Kf4 Kc5
47. Ke5 Kc4 48. Rh3 Bb1 49. a4 Bg6 50. Rh4+ Kc5 51. Rb4 Bc2 52. a5 Bd3 53. Rxb3
h5 54. Rb6 1-0

[Event "22nd European Teams"]
[Site "Batumi GEO"]
[Date "2019.10.31"]
[Round "7.1"]
[Board "2"]
[White "Alekseenko, Kirill"]
[Black "Fridman, Daniel"]
[Result "1/2-1/2"]
[WhiteTitle "GM"]
[BlackTitle "GM"]
[WhiteElo "2674"]
[BlackElo "2637"]
[WhiteTeam "Russia"]
[BlackTeam "Germany"]
[WhiteFideId "4135539"]
[BlackFideId "11600454"]
[EventDate "2019.10.24"]

1. e4 e5 2. Nf3 Nf6 3. Nxe5 d6 4. Nf3 Nxe4 5. Nc3 Nxc3 6. dxc3 Be7 7. Be3 Nc6 8.
Qd2 Be6 9. O-O-O Qd7 10. Be2 Bf6 11. h3 O-O-O 12. g4 h6 13. b3 Kb8 14. Kb1 Rhe8
15. Bb5 a6 16. Bxc6 Qxc6 17. Nd4 Bxd4 18. Qxd4 f6 19. h4 Qc5 20. Qd3 Qc6 21.
Rhg1 Bc8 22. Qh7 Rd7 23. Bd4 Qe4 24. Qxe4 Rxe4 25. g5 fxg5 26. hxg5 Re8 27. Rh1
hxg5 28. Rhg1 Rf7 29. Rxg5 Bf5 30. Be3 g6 1/2-1/2

[Event "22nd European Teams"]
[Site "Batumi GEO"]
[Date "2019.10.31"]
[Round "7.1"]
[Board "3"]
[White "Meier, Georg"]
[Black "Matlakov, Maxim"]
[Result "1/2-1/2"]
[WhiteTitle "GM"]
[BlackTitle "GM"]
[WhiteElo "2628"]
[BlackElo "2716"]
[WhiteTeam "Germany"]
[BlackTeam "Russia"]
[WhiteFideId "4675789"]
[BlackFideId "4168003"]
[EventDate "2019.10.24"]

1. Nf3 d5 2. g3 Bg4 3. Bg2 c6 4. c4 e6 5. cxd5 Bxf3 6. Bxf3 cxd5 7. O-O Nc6 8.
d4 Nf6 9. e3 Be7 10. Nc3 O-O 11. Bd2 Na5 12. Qc2 Nc4 13. Rfc1 Nxd2 14. Qxd2 Qd7
15. Rc2 Rfc8 16. Rac1 h6 17. Ne2 Ne8 18. Rxc8 Rxc8 19. Rxc8 Qxc8 20. Qc1 Qxc1+
21. Nxc1 Nd6 22. Nd3 Kf8 23. Kf1 Nc4 24. Bd1 Bd6 25. Ke2 Ke7 26. Bb3 Na5 27. Bc2
Nc4 28. Bb3 Na5 29. Bc2 Nc4 30. Bb3 Na5 1/2-1/2

[Event "22nd European Teams"]
[Site "Batumi GEO"]
[Date "2019.10.31"]
[Round "7.2"]
[Board "2"]
[White "McShane, Luke J"]
[Black "Sargissian, Gabriel"]
[Result "1/2-1/2"]
[WhiteTitle "GM"]
[BlackTitle "GM"]
[WhiteElo "2682"]
[BlackElo "2690"]
[WhiteTeam "England"]
[BlackTeam "Armenia"]
[WhiteFideId "404853"]
[BlackFideId "13300881"]
[EventDate "2019.10.24"]

1. e4 e5 2. Nf3 Nc6 3. Bb5 a6 4. Ba4 Nf6 5. O-O Be7 6. Re1 b5 7. Bb3 O-O 8. c3
d5 9. exd5 Nxd5 10. Nxe5 Nxe5 11. Rxe5 c6 12. d3 Bd6 13. Re1 Bf5 14. Qf3 Qh4 15.
g3 Qh3 16. Be3 Bxd3 17. Nd2 Qf5 18. Bd4 Rfd8 19. a4 h6 20. h4 Bf8 21. Qxf5 Bxf5
22. Ne4 a5 23. Rad1 b4 24. f3 bxc3 25. bxc3 Rab8 26. Bc4 Be7 27. Bf1 Nb6 28. Ra1
Nd5 29. Rad1 Kf8 30. Be5 Ra8 31. Bd4 Rab8 32. Be5 Ra8 33. Bd4 Rab8 1/2-1/2

[Event "22nd European Teams"]
[Site "Batumi GEO"]
[Date "2019.10.31"]
[Round "7.2"]
[Board "3"]
[White "Melkumyan, Hrant"]
[Black "Howell, David W L"]
[Result "1/2-1/2"]
[WhiteTitle "GM"]
[BlackTitle "GM"]
[WhiteElo "2650"]
[BlackElo "2694"]
[WhiteTeam "Armenia"]
[BlackTeam "England"]
[WhiteFideId "13302485"]
[BlackFideId "410608"]
[EventDate "2019.10.24"]

1. e4 e5 2. Nf3 Nc6 3. Bb5 Nf6 4. d3 Bc5 5. Bxc6 dxc6 6. Nbd2 O-O 7. O-O Re8 8.
Nc4 Nd7 9. a4 Bd6 10. Bg5 f6 11. Be3 Nf8 12. d4 Bg4 13. dxe5 fxe5 14. h3 Bh5 15.
Qe2 Qf6 16. Rfd1 Qe6 17. g4 Bg6 18. Rd2 Be7 19. Bg5 Bxg5 20. Nxg5 Qf6 21. Qe3 h6
22. Nf3 Bf7 23. Ncxe5 Rxe5 24. Nxe5 Qxe5 25. f4 Qxb2 26. Re1 Re8 27. e5 Ng6 28.
Qf2 Qa3 29. Rd3 Qxa4 30. Rd4 Qa2 31. e6 Rxe6 32. Rxe6 Qxe6 33. f5 Qe7 34. fxg6
Bxg6 35. h4 h5 36. gxh5 Bxh5 37. Qd2 a5 38. Qd3 Bg6 39. Qxg6 Qe3+ 40. Kg2 Qxd4
41. Qe8+ 1/2-1/2

[Event "22nd European Teams"]
[Site "Batumi GEO"]
[Date "2019.10.31"]
[Round "7.2"]
[Board "4"]
[White "Jones, Gawain C B"]
[Black "Martirosyan, Haik M."]
[Result "1-0"]
[WhiteTitle "GM"]
[BlackTitle "GM"]
[WhiteElo "2688"]
[BlackElo "2607"]
[WhiteTeam "England"]
[BlackTeam "Armenia"]
[WhiteFideId "409561"]
[BlackFideId "13306553"]
[EventDate "2019.10.24"]

1. e4 e6 2. d4 d5 3. e5 c5 4. c3 Nc6 5. Nf3 Qb6 6. Be2 Nh6 7. Bxh6 gxh6 8. Qd2
Bg7 9. O-O O-O 10. Na3 Bd7 11. Nc2 cxd4 12. cxd4 f6 13. exf6 Rxf6 14. b4 a6 15.
a4 Rxf3 16. Bxf3 Nxd4 17. Nxd4 Qxd4 18. Qxd4 Bxd4 19. Ra2 Rc8 20. g3 Kf7 21. Rd1
Bc3 22. Rc1 Rc7 23. Be2 e5 24. b5 a5 25. Bf3 Ke6 26. Bxd5+ Kxd5 27. Rac2 Bxb5
28. axb5 Kd4 29. Rd1+ Ke4 30. Re2+ Kf5 31. Rc1 1-0

[Event "22nd European Teams"]
[Site "Batumi GEO"]
[Date "2019.10.31"]
[Round "7.3"]
[Board "2"]
[White "Volokitin, Andrei"]
[Black "Laznicka, Viktor"]
[Result "1-0"]
[WhiteTitle "GM"]
[BlackTitle "GM"]
[WhiteElo "2627"]
[BlackElo "2667"]
[WhiteTeam "Ukraine"]
[BlackTeam "Czech Republic"]
[WhiteFideId "14107090"]
[BlackFideId "316385"]
[EventDate "2019.10.24"]

1. e4 c6 2. d4 d5 3. e5 Bf5 4. h4 h5 5. Bd3 Bxd3 6. Qxd3 e6 7. Bg5 Be7 8. Nf3
Nh6 9. c4 dxc4 10. Qxc4 Nd7 11. Nc3 Nf5 12. Rd1 Nb6 13. Qb3 Qc7 14. O-O Rd8 15.
Bxe7 Qxe7 16. g3 O-O 17. Ne4 Rd5 18. Rd3 Rfd8 19. Qd1 Nc4 20. Qc2 Nb6 21. Rfd1
Qb4 22. a3 Qc4 23. Qd2 Kf8 24. b3 Qa6 25. Nc5 Qb5 26. Qg5 Nc8 27. a4 Qb4 28.
Qxh5 Nce7 29. Ng5 Nh6 30. Nxf7 Nxf7 31. Rf3 g6 32. Qh8+ Ng8 33. Qh7 1-0

[Event "22nd European Teams"]
[Site "Batumi GEO"]
[Date "2019.10.31"]
[Round "7.3"]
[Board "3"]
[White "Nguyen, Thai Dai Van"]
[Black "Moiseenko, Alexander"]
[Result "1/2-1/2"]
[WhiteTitle "GM"]
[BlackTitle "GM"]
[WhiteElo "2545"]
[BlackElo "2635"]
[WhiteTeam "Czech Republic"]
[BlackTeam "Ukraine"]
[WhiteFideId "358878"]
[BlackFideId "14102560"]
[EventDate "2019.10.24"]

1. d4 Nf6 2. c4 e6 3. Nf3 d5 4. g3 Bb4+ 5. Bd2 Bd6 6. Bg2 O-O 7. O-O c6 8. Bc3
Ne4 9. Nbd2 f5 10. Nxe4 fxe4 11. Nd2 b6 12. e3 Nd7 13. f3 exf3 14. Bxf3 Bb7 15.
e4 b5 16. c5 Bc7 17. b4 a5 18. a3 axb4 19. axb4 Rxa1 20. Bxa1 Qg5 21. Qe2 Nf6
22. Bb2 Bc8 23. e5 Nd7 24. Kg2 Nb8 25. Nb3 Bd7 26. Nc1 Be8 27. h4 Qe7 28. h5 g6
29. Nd3 gxh5 30. Nf4 h4 31. Bg4 Bf7 32. Rh1 Nd7 33. Rxh4 Ra8 34. Bc1 Nf8 35. Nh5
Bg6 36. Nf6+ Kh8 37. Bh6 Bd8 38. Bh5 Qf7 39. Bg5 Bxh5 40. Rxh5 Qg6 41. Qf2 Be7
42. Qf3 Ra2+ 43. Kh3 Ra1 44. Bh4 Qf7 45. Rh6 Ra4 46. Qc3 Qg7 47. Qe3 Qf7 48. Qd2
Ra8 49. Qd3 Ra4 50. Qd2 Ra8 51. Qc1 Ra4 52. Qe1 Ra8 53. Qd2 Ra4 54. Qe1 Ra8 55.
Qd2 Ra4 56. Qc3 Ra8 1/2-1/2

[Event "22nd European Teams"]
[Site "Batumi GEO"]
[Date "2019.10.31"]
[Round "7.3"]
[Board "4"]
[White "Onischuk, Vladimir"]
[Black "Stocek, Jiri"]
[Result "1-0"]
[WhiteTitle "GM"]
[BlackTitle "GM"]
[WhiteElo "2616"]
[BlackElo "2569"]
[WhiteTeam "Ukraine"]
[BlackTeam "Czech Republic"]
[WhiteFideId "14114038"]
[BlackFideId "304760"]
[EventDate "2019.10.24"]

1. Nf3 Nf6 2. g3 d5 3. Bg2 Bf5 4. O-O e6 5. c4 c6 6. cxd5 exd5 7. d3 Be7 8. Qb3
Qb6 9. Qc2 O-O 10. Nc3 h6 11. e4 Bh7 12. Be3 Qa6 13. Rad1 dxe4 14. dxe4 Nbd7 15.
Nd4 Rad8 16. h3 Rfe8 17. g4 Bc5 18. Bf4 Nf8 19. Nf5 Ne6 20. Rxd8 Rxd8 21. Be5
Bd4 22. Nxd4 Nxd4 23. Rd1 c5 24. Bxd4 cxd4 25. Nd5 Nxd5 26. Rxd4 Re8 27. Rxd5
Qxa2 28. Re5 Rf8 29. Re7 b5 30. f4 h5 31. g5 Qa1+ 32. Kh2 Qe1 33. Qc7 Qf2 34. f5
Qxb2 35. g6 fxg6 36. e5 Kh8 37. f6 1-0

[Event "22nd European Teams"]
[Site "Batumi GEO"]
[Date "2019.10.31"]
[Round "7.4"]
[Board "1"]
[White "Lenic, Luka"]
[Black "Solak, Dragan"]
[Result "1/2-1/2"]
[WhiteTitle "GM"]
[BlackTitle "GM"]
[WhiteElo "2644"]
[BlackElo "2602"]
[WhiteTeam "Slovenia"]
[BlackTeam "Turkey"]
[WhiteFideId "14603853"]
[BlackFideId "916811"]
[EventDate "2019.10.24"]

1. Nf3 d5 2. g3 c6 3. Bg2 Nf6 4. O-O g6 5. d3 Bg7 6. Nbd2 O-O 7. e4 a5 8. a4 Na6
9. exd5 cxd5 10. Nb3 Bg4 11. Qd2 Bxf3 12. Bxf3 b6 13. d4 Nc7 14. Qe2 Rc8 15. c3
Nce8 16. Bf4 Nd6 17. Nc1 e6 18. Nd3 Nfe4 19. Bg2 h5 20. Rfe1 Kh7 21. f3 Nf6 22.
Bh3 Ng8 23. Bc1 Bh6 24. Nf4 Ne7 25. Qf2 Nef5 26. Bf1 Bg5 27. Bd3 Kg7 28. Qd2 Kg8
29. Qe2 Re8 30. Kg2 Bf6 31. Qd1 Qd7 32. Bc2 Qc6 33. Bb3 Nc4 34. Nd3 Rcd8 35. Bc2
Qc7 36. Nf4 Ncd6 37. Nd3 Nc4 38. Nf4 Ncd6 39. Re2 Bg7 40. Rb1 Qc6 41. Nd3 Nc4
42. Nf2 Qc7 43. Qe1 Bf6 44. Nd3 Qc8 45. Bf4 Kg7 46. Qf2 Rh8 47. Kf1 Rde8 48.
Rbe1 Qd8 49. Bc1 Bg5 50. Nf4 Ncd6 51. Kg1 Qf6 52. Re5 Qd8 53. Bd3 Bf6 54. R5e2
Qd7 55. Bc2 Qd8 56. Bd3 Qd7 57. Bc2 Qd8 1/2-1/2

[Event "22nd European Teams"]
[Site "Batumi GEO"]
[Date "2019.10.31"]
[Round "7.4"]
[Board "2"]
[White "Yilmaz, Mustafa"]
[Black "Borisek, Jure"]
[Result "0-1"]
[WhiteTitle "GM"]
[BlackTitle "GM"]
[WhiteElo "2595"]
[BlackElo "2584"]
[WhiteTeam "Turkey"]
[BlackTeam "Slovenia"]
[WhiteFideId "6302718"]
[BlackFideId "14603152"]
[EventDate "2019.10.24"]

1. d4 d5 2. c4 dxc4 3. e4 Nf6 4. e5 Nd5 5. Bxc4 Nc6 6. Nc3 Nb6 7. Bb5 e6 8. Nf3
Bd7 9. O-O Nb4 10. Bg5 Be7 11. Bxe7 Qxe7 12. Bxd7+ Qxd7 13. Qd2 O-O-O 14. Ne4
Nc6 15. Rfd1 h6 16. b4 Ne7 17. a4 Qd5 18. Qe2 Kb8 19. b5 Qc4 20. Qd2 Qd5 21. Qe1
Nbc8 22. a5 b6 23. Nc3 Qb7 24. Ra4 Rd7 25. Rc4 Rhd8 26. Rc1 Nf5 27. Na2 bxa5 28.
Qxa5 Nb6 29. Rb4 g5 30. h3 h5 31. Rb2 Nd5 32. Nxg5 Nf4 33. f3 Nd3 34. Nb4 Nxc1
35. Nc6+ Ka8 36. Nxd8 Rxd8 37. Qc3 Qb6 38. Qxc1 Qxd4+ 39. Kh2 Ne3 40. Ne4 Qxe5+
41. g3 h4 42. Re2 Nf5 43. Qg5 Rd1 44. Rc2 hxg3+ 45. Kg2 Kb7 46. h4 f6 0-1

[Event "22nd European Teams"]
[Site "Batumi GEO"]
[Date "2019.10.31"]
[Round "7.4"]
[Board "3"]
[White "Sebenik, Matej"]
[Black "Can, Emre"]
[Result "1/2-1/2"]
[WhiteTitle "GM"]
[BlackTitle "GM"]
[WhiteElo "2519"]
[BlackElo "2599"]
[WhiteTeam "Slovenia"]
[BlackTeam "Turkey"]
[WhiteFideId "14602296"]
[BlackFideId "6302181"]
[EventDate "2019.10.24"]

1. Nf3 c5 2. c4 Nc6 3. Nc3 g6 4. e3 Nf6 5. d4 cxd4 6. exd4 d5 7. cxd5 Nxd5 8.
Qb3 Nxc3 9. Bc4 e6 10. bxc3 Bd7 11. Qd1 Bg7 12. O-O O-O 13. Bf4 Rc8 14. Rc1 Na5
15. Bd3 Bc6 16. Qe2 Bd5 17. Ne5 f6 18. Nf3 Re8 19. Rfe1 a6 20. Nd2 e5 21. dxe5
fxe5 22. Bg3 Bxa2 23. c4 Nb3 24. Nxb3 Bxb3 25. Be4 b5 26. cxb5 Rxc1 27. Rxc1
axb5 28. Qxb5 Bf7 29. h3 Qd2 30. Qc6 Rd8 31. Bh4 Bh6 32. Ra1 Re8 33. Qc2 Qxc2
34. Bxc2 e4 35. Re1 e3 36. fxe3 Rxe3 1/2-1/2

[Event "22nd European Teams"]
[Site "Batumi GEO"]
[Date "2019.10.31"]
[Round "7.4"]
[Board "4"]
[White "Sanal, Vahap"]
[Black "Skoberne, Jure"]
[Result "0-1"]
[WhiteTitle "GM"]
[BlackTitle "GM"]
[WhiteElo "2545"]
[BlackElo "2567"]
[WhiteTeam "Turkey"]
[BlackTeam "Slovenia"]
[WhiteFideId "6300545"]
[BlackFideId "14604299"]
[EventDate "2019.10.24"]

1. e4 e6 2. d4 d5 3. Nc3 Nf6 4. Bg5 dxe4 5. Nxe4 Be7 6. Bxf6 gxf6 7. Nf3 f5 8.
Nc3 a6 9. g3 b5 10. Bg2 Bb7 11. Qe2 b4 12. Na4 Nd7 13. c4 bxc3 14. Nxc3 Nf6 15.
O-O O-O 16. Rfd1 Ra7 17. d5 exd5 18. Nd4 c6 19. Nxf5 Bc5 20. Na4 Re8 21. Qd2 Bf8
22. Rac1 Nd7 23. Nh6+ Bxh6 24. Qxh6 Qf6 25. Qd2 a5 26. Rc3 Raa8 27. Rf3 Qg6 28.
Rf4 Ba6 29. Qd4 Ne5 30. Nc5 Bc8 31. h3 Qc2 32. Kh2 Rb8 33. Rd2 Qc4 34. Qe3 Qxa2
35. Rh4 Rxb2 36. Qh6 Bf5 37. Qg5+ Bg6 38. Ra4 Qb1 39. Rxb2 Qxb2 40. Rf4 Qb5 41.
Na4 d4 42. h4 Nd3 43. Rxd4 Qxg5 44. hxg5 Nxf2 45. Bxc6 Re5 46. Nc3 Rxg5 47. Nd5
Kg7 48. Nf4 Ng4+ 49. Kg2 Rc5 50. Bf3 Rc2+ 51. Kg1 Ne5 52. Bd5 Rc3 53. Kg2 Nd3
54. Nxg6 hxg6 55. Ra4 Rc5 56. Bb3 Ne5 57. Kf2 Rb5 58. Bd1 Nd3+ 59. Ke2 Nb2 60.
Rd4 Nxd1 61. Kxd1 Rb3 62. g4 Rb4 0-1

[Event "22nd European Teams"]
[Site "Batumi GEO"]
[Date "2019.10.31"]
[Round "7.5"]
[Board "2"]
[White "Pelletier, Yannick"]
[Black "Mamedov, Rauf"]
[Result "1-0"]
[WhiteTitle "GM"]
[BlackTitle "GM"]
[WhiteElo "2555"]
[BlackElo "2645"]
[WhiteTeam "Switzerland"]
[BlackTeam "Azerbaijan"]
[WhiteFideId "1301837"]
[BlackFideId "13401653"]
[EventDate "2019.10.24"]

1. d4 d5 2. c4 c6 3. Nc3 Nf6 4. e3 g6 5. Nf3 Bg7 6. Be2 O-O 7. O-O dxc4 8. Bxc4
Bg4 9. h3 Bxf3 10. Qxf3 Nbd7 11. Rd1 e5 12. d5 e4 13. Nxe4 Nxe4 14. Qxe4 Nb6 15.
Bb3 cxd5 16. Bxd5 Re8 17. Qf3 Nxd5 18. Rxd5 Qc7 19. e4 Qc4 20. Rd7 b6 21. Rb1
Qxa2 22. Ra1 Qe6 23. Raxa7 Rxa7 24. Rxa7 Rc8 25. Be3 Bxb2 26. Bxb6 f5 27. Be3
fxe4 28. Qf4 Bf6 29. Qh6 Be7 30. Bg5 e3 31. Bxe3 Qf7 32. Bd4 Bf8 33. Qe3 Rc7 34.
Qe5 1-0